• 首页
  • 本馆介绍
  • 公告通知
  • 最新文献
  • 馆藏检索
  • 电子资源
  • 读者导购
  • 参考咨询
  • 我的图书馆
  • 登录
  • 详细信息显示
  • 放入我的书架
  • 预约/预借图书
  • 作者相关作品
  • 分类相关作品
  • 丛书相关作品
  • 出版社相关作品

书目信息

  • 表格格式
  • 工作单格式
  • 卡片格式
题名:
仪礼疏
    
 
作者: 贾公彦 撰
分册: 第十册  
出版信息: 北京   文物出版社  1982
页数: 全一册
开本: 18*13cm
丛书名: 嘉业堂丛书
单 册:
中图分类: K892.9
科图分类:
主题词: 风俗习惯
电子资源:
ISBN:
000 00722nam0 2200253 450
001 0655562672
005 20061026153541.10
010    @b线装@dCNY8.50
100    @a20061026d1982 km y0chiy0120 ea
101 0  @achi
102    @aCN@b110000
200 1  @a仪礼疏@h第十册@Ayi li shu@f(唐)贾公彦撰@F(tang)jia gong yan zhuan
205    @a影印本
210    @a北京@c文物出版社@d1982
215    @a全一册@d18*13cm
225 2  @a嘉业堂丛书
300    @a第一至第十册为一函,共一函五十卷
300    @a清吴兴刘氏嘉业堂刊本,文物出版社1982年7月木板刷印
410  0 @12001 @a嘉业堂丛书
606 0  @a风俗习惯
690    @aK892.9@v3
701  0 @a贾公彦@Ajia gong yan@4撰
801  0 @aCN@bPFT@c20061026
905    @a10447@dK892.9@e13:10
    
    仪礼疏.第十册/(唐)贾公彦撰.-影印本.-北京:文物出版社,1982
    全一册;18*13cm.-(嘉业堂丛书)
    第一至第十册为一函,共一函五十卷.-清吴兴刘氏嘉业堂刊本,文物出版社1982年7月木板刷印
    
    ISBN (线装):CNY8.50
    
●
相关链接 在E读中查询图书 在五车中查询图书 在当当中查询图书 在豆瓣中查询图书


正题名:仪礼疏     索取号:K892.9/13:10         预约/预借

序号 登录号 条形码 馆藏地/架位号 状态 备注
1 0222648   202430119   古籍典藏专区/ [索取号:K892.9/13:10] 在馆    
2 0222658   202430011   古籍典藏专区/ [索取号:K892.9/13:10] 在馆    
唐山师范学院图书馆 欢迎您!
大连网信软件有限公司© 版权所有